Neighbour disputes (Record no. 110128)
[ view plain ]
| 000 -LEADER | |
|---|---|
| fixed length control field | 00979cam a22002535a 4500 |
| 001 - CONTROL NUMBER | |
| control field | L148608 |
| 008 - FIXED-LENGTH DATA ELEMENTS--GENERAL INFORMATION | |
| fixed length control field | 091013s2009 xxk f 000 0 eng d |
| 020 ## - INTERNATIONAL STANDARD BOOK NUMBER | |
| International Standard Book Number | 9781853286940 |
| 035 ## - SYSTEM CONTROL NUMBER | |
| System control number | (Sirsi) u148608 |
| 041 0# - LANGUAGE CODE | |
| Language code of text/sound track or separate title | eng |
| 050 04 - LIBRARY OF CONGRESS CALL NUMBER | |
| Classification number | 346.4104346 $2 18 |
| 100 1# - MAIN ENTRY--PERSONAL NAME | |
| Personal name | Kennedy, Kevin |
| 245 00 - TITLE STATEMENT | |
| Title | Neighbour disputes |
| Remainder of title | law and practice |
| 260 ## - PUBLICATION, DISTRIBUTION, ETC. | |
| Place of publication, distribution, etc. | London |
| Name of publisher, distributor, etc. | Law Society |
| Date of publication, distribution, etc. | 2009 |
| 300 ## - PHYSICAL DESCRIPTION | |
| Extent | xxiv, 214p. |
| Dimensions | 24cm. |
| 350 ## - PRICE (NR) (BK AM CF MU VM SE) [OBSOLETE] | |
| Price | 59.95 |
| 520 ## - SUMMARY, ETC. | |
| Summary, etc. | Discusses the most common types of disputes between neighbours and examines how to resolve them and get redress. Includes discussion of boundary and party wall issues, as well as easements, covenants, access to neighbouring land, trespass, adverse possession, nuisance, planning permission and anti-social behaviour. |
| 521 ## - TARGET AUDIENCE NOTE | |
| Target audience note | Advanced |
| 590 ## - LOCAL NOTE (RLIN) | |
| Local note | KA |
| 651 #4 - SUBJECT ADDED ENTRY--GEOGRAPHIC NAME | |
| Geographic name | England and Wales |
| 690 ## - LOCAL SUBJECT ADDED ENTRY--TOPICAL TERM (OCLC, RLIN) | |
| Topical term or geographic name as entry element | Boundary disputes |
| 9 (RLIN) | 6221 |
| 690 ## - LOCAL SUBJECT ADDED ENTRY--TOPICAL TERM (OCLC, RLIN) | |
| Topical term or geographic name as entry element | PROPERTY-RESIDENTIAL PROPERTY-DOMESTIC RESIDENTIAL PROPERTY |
| 942 ## - ADDED ENTRY ELEMENTS (KOHA) | |
| Suppress in OPAC | 0 |
| Source of classification or shelving scheme | Dewey Decimal Classification |
| Withdrawn status | Lost status | Source of classification or shelving scheme | Damaged status | Not for loan | Home library | Current library | Shelving location | Date acquired | Total Checkouts | Full call number | Barcode | Date last seen | Copy number | Price effective from | Koha item type |
|---|---|---|---|---|---|---|---|---|---|---|---|---|---|---|---|
| Dewey Decimal Classification | London | London | Books | 11/01/2010 | 346.4104346 KEN | 30076572 | 06/08/2019 | 1 | 06/08/2019 | Book |